| 000 | 01567cam a2200313 a 4500 | ||
|---|---|---|---|
| 001 | 16203317 | ||
| 005 | 20170105102907.0 | ||
| 008 | 100426s2011 nyua 001 0 eng | ||
| 010 | _a 2010016641 | ||
| 020 | _a9780061766275 (alk. paper) | ||
| 040 |
_aDLC _cDLC _dDLC |
||
| 043 | _an-us-ny | ||
| 050 | 0 | 0 |
_aHG6049 _b.G66 2011 |
| 082 | 0 | 0 |
_a332.6092/27471 _222 |
| 100 | 1 | _aGoodman, Leah McGrath. | |
| 245 | 1 | 4 |
_aThe asylum : _bthe truth about the renegades who stole the world's oil market / _cLeah McGrath Goodman. |
| 250 | _a1st ed. | ||
| 260 |
_aNew York, NY : _bWilliam Morrow, _cc2011. |
||
| 300 |
_axvii, 398 p., [8] p. of plates : _bill. ; _c24 cm. |
||
| 500 | _aIncludes index. | ||
| 505 | 0 | _aWelcome to the asylum -- The boy who would be king -- From wastrels to wildcatters -- Deus ex machina -- The great equalizer -- The rise of Zoltan -- The god complex and other minor foibles -- The futility of the polygraph -- The anatomy of a take down -- Dark days -- The beauty of the "self-regulatory organization" -- Raids, maids, and civil war -- Ages of excess -- Blood for victory -- The man who traded $100 oil -- Meltdown -- Epilogue: the edict of Noah sweat. | |
| 610 | 2 | 0 |
_aNew York Mercantile Exchange (N.Y.) _xHistory. |
| 650 | 0 |
_aStockbrokers _zUnited States. |
|
| 650 | 0 |
_aPetroleum industry and trade _zUnited States _xHistory. |
|
| 650 | 0 |
_aPetroleum products _xPrices. |
|
| 906 |
_a7 _bcbc _corignew _d1 _eecip _f20 _gy-gencatlg |
||
| 942 |
_2ddc _cBK |
||
| 999 |
_c14930 _d14930 |
||